Κατάλογος Βιβλιοθηκών Mediterranean College

Passages on Economics / English for Academic Purposes (Record no. 5285)

MARC details
000 -LEADER
fixed length control field 01584cam a22001934a 4500
005 - ΗΜΕΡΟΜΗΝΙΑ ΚΑΙ ΩΡΑ ΤΕΛΕΥΤΑΙΑΣ ΕΝΗΜΕΡΩΣΗΣ
Πεδίο ελέγχου 20250605164208.0
008 - FIXED-LENGTH DATA ELEMENTS--GENERAL INFORMATION
Πεδίο ελέγχου σταθερού μήκους 250528s ||||||||||||||||||||||||d
035 ## - SYSTEM CONTROL NUMBER
System control number 20146
020 ## - ISBN
ISBN 9607306988
040 ## - ΠΗΓΗ ΚΑΤΑΛΟΓΟΓΡΑΦΗΣΗΣ
Φορέας πρωτότυπης καταλογογράφησης MC Athens Campus Library
Γλώσσα καταλογογράφησης Ελληνικά, Μοντέρνα (1453-)
Modifying agency MC Athens Campus Library
Κανόνες περιγραφικής καταλογογράφησης AACR2
245 1# - ΤΙΤΛΟΣ ΚΑΙ ΔΗΛΩΣΗ ΥΠΕΥΘΥΝΟΤΗΤΑΣ
Τίτλος Passages on Economics / English for Academic Purposes
260 ## - PUBLICATION, DISTRIBUTION, ETC.
Name of publisher, distributor, etc. Εκδόσεις Σταμούλη Α.Ε,
Date of publication, distribution, etc. 1994
300 ## - PHYSICAL DESCRIPTION
Extent 256
520 ## - SUMMARY, ETC.
Summary, etc. This book is a collection of extracts from various Economic books. The Meaning and Measurement of Economic Welfare, Economic Development Defined, Major Requirements for Economic Development, Economic Planning, Development, The Place of Capital in the Economic Process, Productivity and its Relationship with Economic Development, Distribution as an Economic Problem, Inflation, Theories of Taxation, The Meaning of Economic Rent, Wages and Methods of Wage Payment, Production, Industrialism, Investment Banks, Supply and Demand, Functions of Management, Company Financing, The Study of Marketing, Financing of the Marketing Program, Accounting and Management, Cost Accounting, Credit and Collection Letters, The Central Wholesale Market, The Role of Statistics, Science Policy, Port Economics, The Main Alternatives in Shipping, The Liner Trade, Liner Conference System, Consultation Machinery, Science Policy, Translation Exercises, Πίνακας Ανωμάλων Ρημάτων, Αγγλοελληνικό Λεξιλόγιο, Ελληνοαγγλικό Λεξιλόγιο.
700 1# - ΠΡΟΣΘΕΤΗ ΑΝΑΓΡΑΦΗ--ΦΥΣΙΚΟ ΠΡΟΣΩΠΟ
Personal name Apostolou Eleni
9 (RLIN) 6160
942 ## - ADDED ENTRY ELEMENTS (KOHA)
Koha item type Books
Holdings
Τύπος τεκμηρίου Βιβλιοθήκη Τρέχουσα τοποθεσία Barcode Αριθμός εισαγωγής Ημερομηνία απόκτησης Ταξιθετικό σύμβολο Αριθμός αντιτύπου Κατάσταση απόσυρσης Κατάσταση χαμένου Κατάσταση κατεστραμμένου Μη δανεισμός Σύνολο δανεισμών Ημερομηνία τελευταίας εμφάνισης Η τιμή ισχύει από
Books MC Athens Campus Library MC Athens Campus Library 9780000052841 6381 05/06/2025 428.64024 APO 2           05/06/2025 05/06/2025

MC Athens Campus Library
Πατησίων 94 & Κοδριγκτώνος 13, 104 34
Πελλήνης 8 & Πατησίων 107, 112 51
Τ: +30 210 8899600

MC Thessaloniki Campus Library
Ίωνος Δραγούμη 21, 54625 | Ίωνος Δραγούμη 15, 54625
Τ: +30 2310 287779 – Τ: +30 2314 440300